[Event "Budapest SixDays 08 IM"]
[Site "Budapest"]
[Date "2023.08.04"]
[Round "7"]
[White "Urhegyi, Marton"]
[Black "Altschuler, Jason"]
[Result "1-0"]
[WhiteElo "2274"]
[BlackElo "2239"]
[PlyCount "115"]
[EventDate "2023.07.31"]
[EventType "tourn"]
[EventRounds "9"]
[EventCountry "HUN"]
[SourceTitle "CBM 215 Extra"]
[Source "ChessBase"]
[SourceDate "2023.09.30"]
[SourceVersion "1"]
[SourceVersionDate "2023.09.30"]
[SourceQuality "1"]

1. e4 e5 2. Nf3 Nc6 3. Bb5 g6 4. d4 exd4 5. Bg5 Be7 6. Bxe7 Qxe7 7. Bxc6 dxc6 8. Qxd4 Nf6 9. 0-0 c5 10. Qe5 Qxe5 11. Nxe5 Be6 12. Nc3 0-0-0 13. Rfd1 c6 14. f3 Kc7 15. Ne2 g5 16. h3 Rhe8 17. a3 b5 18. Kf2 Rxd1 19. Rxd1 Re7 20. Ng4 Nd7 21. Ng3 Nb6 22. Nf6 Nc4 23. Rb1 h6 24. Nf1 Kd6 25. Ne3 Ke5 26. Nfg4+ Bxg4 27. Nxc4+ bxc4 28. hxg4 Rb7 29. c3 Rd7 30. Ke3 Rd3+ 31. Ke2 Rd8 32. g3 Rb8 33. Ke3 Kf6 34. Kd2 Rd8+ 35. Ke2 Rb8 36. Kd2 Rd8+ 37. Kc2 Rd3 38. Rf1 Re3 39. Kd2 Rd3+ 40. Ke2 Rd7 41. Rd1 Rb7 42. Rd2 Ke6 43. Kd1 Rb8 44. Kc2 f6 45. Rh2 Rd8 46. Rxh6 Rd3 47. f4 Rxg3 48. fxg5 Rxg4 49. Rxf6+ Ke5 50. Rxc6 Kxe4 51. Rxc5 Rg2+ 52. Kb1 Rg1+ 53. Ka2 Kd3 54. Rd5+ Kc2 55. Rd4 a5 56. a4 Rxg5 57. Rxc4 Rg8 58. Rc5 1-0

[Event "Ivy League Challenge 2nd"]
[Site "Toronto"]
[Date "2019.11.08"]
[Round "1.2"]
[White "Altschuler, Jason"]
[Black "Tang, Andrew"]
[Result "0-1"]
[WhiteElo "2198"]
[BlackElo "2506"]
[PlyCount "62"]
[EventDate "2019.11.08"]
[EventType "team-tourn"]
[EventRounds "5"]
[EventCountry "CAN"]
[SourceTitle "CBM 193 Extra"]
[Source "ChessBase"]
[SourceDate "2020.01.31"]
[SourceVersion "1"]
[SourceVersionDate "2020.01.31"]
[SourceQuality "1"]
[WhiteTeam "Massachusetts IT"]
[BlackTeam "Princeton University"]
[WhiteTeamCountry "USA"]
[BlackTeamCountry "USA"]

1. e4 e5 2. Nf3 Nc6 3. Bb5 g6 4. d4 exd4 5. c3 a6 6. Bxc6 dxc6 7. cxd4 Bg7 8. h3 Ne7 9. 0-0 0-0 10. Nc3 h6 11. Qb3 Kh7 12. Rd1 f5 13. d5 Qe8 14. Re1 Qf7 15. Bg5 Ng8 16. Bh4 f4 17. Rad1 g5 18. Bxg5 Qg6 19. e5 hxg5 20. Ne4 g4 21. Nfg5+ Kh8 22. e6 Nf6 23. dxc6 Nxe4 24. e7 Re8 25. Nf7+ Kh7 26. Rxe4 Bf6 27. Rd8 gxh3 28. Qf3 Bg4 29. Qxf4 Bf5 30. Ng5+ Bxg5 31. Qxc7 Bf4 0-1

[Event "Palmanova Blau Escacs op 1st"]
[Site "Palmanova"]
[Date "2015.04.18"]
[Round "8"]
[White "Altschuler, Jason"]
[Black "Martins, David Pires Tavares"]
[Result "1/2-1/2"]
[WhiteElo "2089"]
[BlackElo "2293"]
[PlyCount "40"]
[EventDate "2015.04.11"]
[EventType "swiss"]
[EventRounds "9"]
[EventCountry "ESP"]
[SourceTitle "CBM 166 Extra"]
[Source "ChessBase"]
[SourceDate "2015.06.18"]
[SourceVersion "1"]
[SourceVersionDate "2015.06.18"]
[SourceQuality "1"]

1. d4 e6 2. c4 Nf6 3. Nc3 Bb4 4. f3 d5 5. a3 Bxc3+ 6. bxc3 c5 7. cxd5 Nxd5 8. dxc5 Qa5 9. e4 Nf6 10. Be3 0-0 11. Kf2 Nfd7 12. Qb3 Rd8 13. Rb1 Qc7 14. Rd1 Rf8 15. Qc4 Ne5 16. Qa4 Nbd7 17. Qd4 Nc6 18. Qa4 Nce5 19. Qd4 Nc6 20. Qa4 Nce5 1/2-1/2

[Event "Palmanova Blau Escacs op 1st"]
[Site "Palmanova"]
[Date "2015.04.15"]
[Round "5"]
[White "Taborda Cembalo, Luciano"]
[Black "Altschuler, Jason"]
[Result "0-1"]
[WhiteElo "1444"]
[BlackElo "2089"]
[PlyCount "86"]
[EventDate "2015.04.11"]
[EventType "swiss"]
[EventRounds "9"]
[EventCountry "ESP"]
[SourceTitle "CBM 166 Extra"]
[Source "ChessBase"]
[SourceDate "2015.06.18"]
[SourceVersion "1"]
[SourceVersionDate "2015.06.18"]
[SourceQuality "1"]

1. e4 e5 2. Nf3 Nc6 3. Bb5 a6 4. Ba4 Nf6 5. 0-0 Be7 6. Re1 b5 7. Bb3 0-0 8. c3 d6 9. h3 Bb7 10. d4 Re8 11. a4 Bf8 12. Bg5 h6 13. Bh4 g5 14. Nxg5 hxg5 15. Bxg5 Bg7 16. Re3 exd4 17. Rg3 Kf8 18. cxd4 Rxe4 19. Nc3 Rxd4 20. Qc1 Ne5 21. Bh6 Ng6 22. Bc2 Ne4 23. Bxe4 Rxe4 24. Nxe4 Bxe4 25. Bxg7+ Kxg7 26. h4 Qxh4 27. axb5 axb5 28. Rxa8 Bxa8 29. Qxc7 Qd4 30. Qc8 Bd5 31. Rh3 Nf4 32. Rg3+ Kf6 33. Kh2 Qe5 34. Qc3 Qxc3 35. bxc3 Nxg2 36. Rxg2 Bxg2 37. Kxg2 Ke5 38. Kf3 Kd5 39. Ke3 Kc4 40. Kd2 d5 41. f4 f5 42. Kc2 d4 43. cxd4 Kxd4 0-1

[Event "Palmanova Blau Escacs op 1st"]
[Site "Palmanova"]
[Date "2015.04.14"]
[Round "4"]
[White "Cacho Reigadas, Sergio"]
[Black "Altschuler, Jason"]
[Result "1-0"]
[WhiteElo "2519"]
[BlackElo "2089"]
[PlyCount "61"]
[EventDate "2015.04.11"]
[EventType "swiss"]
[EventRounds "9"]
[EventCountry "ESP"]
[SourceTitle "CBM 166 Extra"]
[Source "ChessBase"]
[SourceDate "2015.06.18"]
[SourceVersion "1"]
[SourceVersionDate "2015.06.18"]
[SourceQuality "1"]

1. d4 Nf6 2. Nf3 c5 3. d5 d6 4. Nc3 g6 5. e4 Bg7 6. h3 0-0 7. Bd3 Na6 8. 0-0 Nc7 9. Re1 Rb8 10. a4 b6 11. Bc4 Nd7 12. Ra3 f6 13. Nb5 Ra8 14. a5 Nxb5 15. Bxb5 a6 16. axb6 Qxb6 17. Bc6 Ra7 18. b3 Nb8 19. Ba4 f5 20. e5 dxe5 21. Nxe5 Bxe5 22. Rxe5 Qd6 23. Bb2 f4 24. Qf3 Bf5 25. Ra1 Nd7 26. Bxd7 Rxd7 27. Qc3 Rf6 28. Ra5 c4 29. bxc4 Rb7 30. c5 Qb8 31. Rxe7 1-0

[Event "BCF-chT1b 1415 (4NCL)"]
[Site "England"]
[Date "2015.02.15"]
[Round "6.186"]
[White "Altschuler, Jason"]
[Black "Walker, Nicholas P"]
[Result "1-0"]
[WhiteElo "2060"]
[BlackElo "2170"]
[PlyCount "57"]
[EventDate "2014.11.15"]
[EventType "team-swiss"]
[EventRounds "11"]
[EventCountry "ENG"]
[SourceTitle "EXT 2016"]
[Source "ChessBase"]
[SourceDate "2015.10.08"]
[SourceVersion "1"]
[SourceVersionDate "2015.10.08"]
[SourceQuality "1"]
[WhiteTeam "Oxford"]
[BlackTeam "Hackney"]
[WhiteTeamCountry "ENG"]
[BlackTeamCountry "ENG"]

1. e4 Nc6 2. Nf3 e5 3. Bb5 g6 4. d4 exd4 5. c3 dxc3 6. Nxc3 d6 7. Bg5 Be7 8. Qd4 f6 9. Nd5 a6 10. Ba4 Kf7 11. Qc3 Be6 12. Bb3 Bxd5 13. Bxd5+ Kg7 14. Rc1 h6 15. Be3 Qd7 16. Qb3 Nd8 17. Qc3 c6 18. Bb3 a5 19. a3 Kh7 20. 0-0 h5 21. Rfd1 Qg4 22. Bc2 Nh6 23. Bd4 Ne6 24. h3 Nxd4 25. Rxd4 Qf4 26. Rcd1 Nf7 27. e5 Qh6 28. exd6 Bd8 29. Qb3 1-0